000 00278nam a2200121 a 4500
008 101025s1965|||| d
100 1 _aMináčová, Libuša
245 1 0 _aÚspešný muž
260 _bSmena
_aBratislava
_c1965
020 _c8
041 _aslo
044 _axo
_cSK
999 _c12182
_d12182